000 00314nam a22001457a 4500
008 230418b ||||| |||| 00| 0 eng d
020 _a2900763735202
041 _aeng
080 _a61
082 _a61CHI
100 _a4
101 _aMJEKSI
245 _aTHE HEALTH PROFESSIONS
_cCHISOLM.S
942 _2udc
_cBK
999 _c59582
_d59582